| 000 | 01140nam a22003377a 4500 | ||
|---|---|---|---|
| 003 | CHAP | ||
| 005 | 20220329141246.0 | ||
| 008 | 971010s1992 r 00010 d | ||
| 010 | _a65288 | ||
| 011 | _a66260 | ||
| 035 | _a74280 | ||
| 040 | _cCHAP | ||
| 090 | _aTesis | ||
| 100 | 0 | 0 |
_aSaldívar Morales, Leonel. _9101545 |
| 245 | _aAnte-proyecto del sistema de riego del "Valle de Guadalupe, B.C. | ||
| 260 |
_aChapingo, Méx. : _bEl autor, _c1992 |
||
| 300 | _a42 p | ||
| 502 | _aTesis (Ing. Agr. Esp. en Irrigación) -- ENA. Departamento de Irrigación | ||
| 590 |
_aALEPH _b10 _c20130110 _lUCH01 _h1355 |
||
| 590 |
_aBATCH-UPD _b10 _c20130110 _lUCH01 _h0713 |
||
| 590 |
_aBATCH-UPD _b10 _c20130410 _lUCH01 _h0358 |
||
| 590 |
_aBATCH-UPD _b10 _c20130914 _lUCH01 _h1209 |
||
| 590 |
_aCONVERSION _b10 _c20130109 _lUCH01 _h1336 |
||
| 650 | 1 | 4 |
_aDistrito de Riego Valle de Guadalupe, B.C. _932949 |
| 650 | 1 | 4 |
_aIrrigación _xProyectos _xBaja California. _960446 |
| 901 | _aBK | ||
| 942 | _cFOLL | ||
| 949 |
_bBC _cTES _d-135785 _eTS1 _i74280 _si |
||
| 949 |
_bBC _cTES _d-135786 _eTS2 _fc.2 _i74280 _si |
||
| 949 |
_bI _cTES _d-7143 _eTS1 _h533 _i74280 _si |
||
| 999 |
_c65288 _d65288 |
||